书目信息 |
| 题名: |
项目管理引论
|
|
| 作者: | 吴之明 , 卢有杰 编著 | |
| 分册: | ||
| 出版信息: | 北京 清华大学出版社 2000.02 |
|
| 页数: | 196页 | |
| 开本: | 32开 | |
| 丛书名: | ||
| 单 册: | ||
| 中图分类: | F272 | |
| 科图分类: | ||
| 主题词: | 企业经济 | |
| 电子资源: | ||
| ISBN: | 7-302-01258-X | |
| 000 | 00588nam0 2200205 45 | |
| 001 | 0010031532 | |
| 005 | 20001003155635.5 | |
| 010 | @a7-302-01258-X@d14.00元 | |
| 100 | @a20001003d2000 km y0chiy0120 ea | |
| 101 | 0 | @achi |
| 105 | @a z 000yy | |
| 200 | 1 | @a项目管理引论@AXiang Mu Guan Li Yin Lun@f吴之明,卢有杰编著@FWu Zhi Ming,Lu You Jie Bian Zhu |
| 210 | @a北京@c清华大学出版社@d2000.02 | |
| 215 | @a196页@d32开 | |
| 606 | 0 | @a企业经济 |
| 690 | @aF272@v3 | |
| 701 | 0 | @a吴之明@4编著 |
| 701 | 0 | @a卢有杰@4编著 |
| 801 | @aCN@bPftUser@c20001003 | |
| 905 | @b169608-612@dF272@eW545@f5 | |
| 项目管理引论/吴之明,卢有杰编著.-北京:清华大学出版社,2000.02 |
| 196页;32开 |
| ISBN 7-302-01258-X:14.00元 |
| ● |
| 相关链接 |
|
|
|
正题名:项目管理引论
索取号:F272/W545
 
预约/预借
| 序号 | 登录号 | 条形码 | 馆藏地/架位号 | 状态 | 备注 |
| 1 | 169608 | 201696085 | 社科二线422/422社科库 28排1列4层/ [索取号:F272/W545] | 在馆 | |
| 2 | 169609 | 201696094 | 社科二线422/422社科库 28排1列4层/ [索取号:F272/W545] | 在馆 | |
| 3 | 169610 | 201696101 | 社科二线422/422社科库 28排1列4层/ [索取号:F272/W545] | 在馆 | |
| 4 | 169611 | 201696110 | 社科库409/400B社科库 4排4列1层/ [索取号:F272/W545] | 在馆 | |
| 5 | 169612 | 201696129 | 社科二线422/422社科库 28排1列4层/ [索取号:F272/W545] | 在馆 |